00757cam a2200205 a 450000100100000000500170001000800410002704000250006808200180009310000410011124501400015226000410029230000280033350400320036150500270039365100310042070000440045170000280049574000280052300000573320200929151749.0930308s1986 cu a b 001 0 spa d aDO-SdBNPbspadBNPHU a972.91bG643c1 aGonzález Figueroa, Xiomara,d1949-13aLa casa de todos ;blos muchachos de Regla /cXiomara González Figueroa, Roberto Rodríguez Menéndez ; edición Patricia Semidey. aLa Habana :bAbril de la UJC,c1986. a147 p. :bil. ;c24 cm. aBibliografía : p. 146-1470 aLos muchachos de Regla 4aCubaxHistoriay1933-1959.1 aRodríguez Menéndez, Roberto,d1944-1 aSemidey, Patricia,eed.0 aLos muchachos de Regla.